| 000 | 00491nam a2200157 i 4500 | ||
|---|---|---|---|
| 001 | 75639 | ||
| 003 | ES-MaACL | ||
| 007 | t| | ||
| 008 | 040927s1973 it ||||1| ita d | ||
| 100 | 1 |
_aGualazzi, Enzo. _960288 |
|
| 245 | 1 | 3 |
_aLe pitture rupestri di Salvatore Fiume / _cEnzo Gualazzi ; fotografie di Walter Mori. |
| 260 |
_aMilano : _bBoccioni, _c[1973] ( _fSisar) |
||
| 300 |
_a114 p., 40 lám. : _bil. ; _c33 cm. |
||
| 700 | 1 |
_aMori, Walter. _983543 |
|
| 852 |
_aES-MaACL _jG-5395 _bR.89337 |
||
| 999 |
_c75639 _d75639 |
||